Que veulent dire ces acronymes de fiction ? - Statistiques

Statistiques générales
  • Ce quiz a été pris 19 fois
  • Le résultat moyen est 3 sur 20
Statistiques - réponses
Acronyme Univers SignificationAgilité % Correct
MKTV Mario Mario Kart TV
53%
BUSE Harry Potter Brevet Universel de Sorcellerie Elementaire
47%
CàC Donjons & Dragons Corps à Corps
47%
CP9 One Piece Cipher Pol 9
41%
SSJ2 Dragon Ball Z Super Saiyajin 2
41%
EMS Naruto Shippuden Eternal Mangekyo Sharingan
24%
GTS Pokémon Global Trade System
18%
END Fairy Tail Etherias Natsu Dragnir
6%
UTSF Les Nouveaux Héros Université de Technologie de San Fransokyo
6%
WLF The Last of Us Washington Liberation Front
6%
BDD Hunger Games Before the Dark Days
0%
CCG Tokyo Ghoul Centre de Contrôle des Goules
0%
DMMO-RPG Overlord Dive Massively Multiplayer Online Role Playing Game
0%
FUT FIFA FIFA Ultime Team
0%
GUN Sonic The Hedgehog (série) Guardian Units of Nation
0%
MLV Fortnite Morne-la-Vallée
0%
SPECTRE James Bond Service Pour l'Espionnage, le Contre-espionnage, le Terrorisme, la Rétorsion et l'Extorsion
0%
SHIELD Marvel Strategic Homeland Intervention, Enforcement and Logistics Division
0%
SPECIAL Fall Out Strength Perception Endurance Charisme Intelligence Agilité Chance
0%
WICKED Le Labyrinthe World in Catastrophe: Killzone Experiment Department
0%
Aucun quiz correspondant
Distribution des résultats
% des personnes avec chaque résultat
Percentile par nombre de réponses
Votre historique - résultats
Vous n’avez pas pris ce quiz